000 00618nam a22001937a 4500
999 _c9830
_d9830
003 AR-CdUCM
008 190328b ||||| |||| 00| 0 spa d
040 _aMUNICIPALIDAD PROVINCIAL DEL CUSCO
_cBIBLIOTECA MUNICIPAL DEL CUSCO
082 _aC / 838.91 /
_bP87G
100 _aProbst, Juan
_926303
245 _aGerhardt Hauptmann /
260 _aArgentina :
_bInstituto de Estudios Germanicos ,
_c1944.
300 _a82 páginas ;
_c21.1 cm.
650 _aLiteratura Germanica
_926304
650 _aBiografia de autores Germanicos
_926305
650 _aLiteratura Clasica
_912093
942 _2ddc
_cLIBROS
945 _artm